| 000 | 01022nac a22002411u 4500 | ||
|---|---|---|---|
| 010 | _a 99038210 | ||
| 020 | _a0130115703 | ||
| 020 | _a0130115703 | ||
| 082 | 0 | 0 |
_a658.155 _bS9493 |
| 090 |
_c3957 _d3957 |
||
| 100 | _aSullivan, William G., | ||
| 245 | 1 | 0 |
_aEngineering economy / _cWilliam G. Sullivan, James A. Bontadelli, Elin M. Wicks ; with a foreword by E. Paul DeGarmo. |
| 250 | _a11th ed. | ||
| 260 |
_aUpper Saddle River, N.J. : _bPrentice Hall, _cc2000. |
||
| 300 |
_axxi, 662 p. : _bill. ; _c25 cm. |
||
| 504 | _aIncludes bibliographical references (p. 647-649) and index. | ||
| 650 | 0 | _aEngineering economy. | |
| 700 | 1 | _aBontadelli, James A. | |
| 700 | 1 | _aWicks, Elin A. | |
| 942 |
_cBB _k658.155S9493 |
||
| 999 |
_c3957 _d3957 |
||